Electrical Technology (Record no. 545180)

000 -LEADER
fixed length control field 00403cas a22001453u 4500
022 ## - INTERNATIONAL STANDARD SERIAL NUMBER
International Standard Serial Number 1179-4534
082 ## - DEWEY DECIMAL CLASSIFICATION NUMBER
Classification number 621.3
Author Mark HUG
-- L-9, P-59.
100 ## - MAIN ENTRY--PERSONAL NAME
Personal name Hughes, Edward.
9 (RLIN) 40966
245 10 - TITLE STATEMENT
Title Electrical Technology
Statement of responsibility, etc. Edward Hughes.
260 ## - PUBLICATION, DISTRIBUTION, ETC.
Place of publication, distribution, etc. London :
Name of publisher, distributor, etc. Longmans, Green and CO Ltd.
Date of publication, distribution, etc. 1969
300 ## - PHYSICAL DESCRIPTION
Extent xvii 709 p.:.
526 ## - STUDY PROGRAM INFORMATION NOTE
Program name 0
Interest level 0
Reading level 0
Title point value 621_300000000000000_HUG
650 ## - SUBJECT ADDED ENTRY--TOPICAL TERM
Topical term or geographic name entry element MCE
9 (RLIN) 379
942 ## - ADDED ENTRY ELEMENTS (KOHA)
Source of classification or shelving scheme
Koha item type Book
Holdings
Withdrawn status Lost status Source of classification or shelving scheme Damaged status Not for loan Permanent Location Current Location Date acquired Total Checkouts Full call number Barcode Date last seen Date last checked out Price effective from Koha item type
          Military College of Engineering (MCE) Military College of Engineering (MCE) 05/19/2014 1 621.3 HUG MCE-3125 11/20/2017 10/25/2017 05/19/2014 Book
© 2023 Central Library, National University of Sciences and Technology. All Rights Reserved.